000 00629nam a2200241Ia 4500
003 OSt
005 20220918200638.0
006 a|||||r|||| 00| 0
007 ta
008 220917b |||||||| |||| 00| 0 eng d
024 _a89,728
037 _cTextual
040 _aARTS
_cARTS
_beng
041 _2eng
_aeng
082 _aU8:4:G, J0;J3 (=)
100 _aPolo Marco
_995034
245 0 _aTravels
_b the venetian
260 _aNew York
_bLiveright Pub Corp
_c1953
300 _axxxii,370p.
_ccm.
650 _aGEOGRAPHY
942 _hU8:4:G, J0;J3 (=)
_cTEXL
_2CC
999 _c213397
_d213397